000 00512nam a2200205Ia 4500
008 210210b2007 xxu||||| |||| 00| 0 eng d
020 _a9788120332263
041 _aeng
082 _a351 BOXD
100 _aBOX (Richard C) Ed
245 _aDemocracy and public administration
260 _aNew Delhi
_bPHI Learning Pvt. Ltd.
_c2007
300 _axii,228
650 _apublic
650 _aDemocracy
650 _aand
650 _aadministration
690 _aPublic Administration
906 _a066560
999 _c147714
_d147714